Fesztivál - pénz nélkül Két előadással érkezik Kassára a kolozsvári színház

Bibliographic Details
Main Author: Juhász, Katalin, 1969- (Author)
Corporate Author: Divadlo Thália (Košice, Slovensko) (Author)
Format: Article
Language:Hungarian
Slovak
Subjects:

MARC

LEADER 00000nab a2200000 a 4500
001 vtls000927315
003 SK-MaSNL
005 20260318133322.0
008 040720e20010521xo 0 hun
035 |a KE36192 
040 |a KEVKJB  |b slo  |c KEVKJB  |e AACR2 
041 0 |a slo 
044 |a xo  |c SK 
080 |a 792.2  |2 1981 
080 |a 7.091.4  |2 1981 
100 1 |a Juhász, Katalin,  |d 1969-  |4 aut  |9 102317 
245 1 0 |a Fesztivál - pénz nélkül  |b Két előadással érkezik Kassára a kolozsvári színház 
610 2 7 |a Divadlo Thália (Košice, Slovensko)  |2 KEVKJB  |9 31809 
650 0 7 |a divadlo  |2 KEVKJB  |9 3335 
650 0 7 |a festivaly  |2 KEVKJB  |9 3406 
650 0 7 |a organizátor  |2 KEVKJB  |9 873480 
651 7 |a Košice (Slovensko)  |2 KEVKJB  |9 18694 
651 7 |a KE,  |2 KEVKJB  |9 877256 
655 7 |a periodikum  |2 snkbucl  |9 29553 
710 2 |a Divadlo Thália (Košice, Slovensko)  |4 aut  |9 31809 
773 0 8 |t Új Szó  |g Roč. 54  |g Roč. 28, č.115, 21.5.2001, s. 8 
852 |a ZVYKNI  |b KIS3GCP 
999 |c 2206439  |d 2208369